Protocols additional to the Geneva Conventions of 12 August 1949 : (Record no. 549661)

000 -LEADER
fixed length control field 00824cam a2200193 a 4500
020 ## - INTERNATIONAL STANDARD BOOK NUMBER
International Standard Book Number 2881450288
082 ## - DEWEY DECIMAL CLASSIFICATION NUMBER
Classification number 949..51060
Author Mark INT
-- D
245 10 - TITLE STATEMENT
Title Protocols additional to the Geneva Conventions of 12 August 1949 :
Remainder of title resolutions of the 1974-77 Diplomatic Conference : extracts from the final act of the 1974-77 Diplomatic Conference.
250 ## - EDITION STATEMENT
Edition statement Rev. ed. 1996.
260 ## - PUBLICATION, DISTRIBUTION, ETC.
Place of publication, distribution, etc. Geneva :
Name of publisher, distributor, etc. International Committee of the Red Cross,
Date of publication, distribution, etc. [1996?]
300 ## - PHYSICAL DESCRIPTION
Extent 134 p. :
Other physical details ill. ;
Dimensions 23 cm.
526 ## - STUDY PROGRAM INFORMATION NOTE
Program name 0
Interest level 0
Reading level 0
Title point value 949__510600000000000_INT
650 #0 - SUBJECT ADDED ENTRY--TOPICAL TERM
Topical term or geographic name entry element Combatants and noncombatants (International law)
9 (RLIN) 46295
650 #0 - SUBJECT ADDED ENTRY--TOPICAL TERM
Topical term or geographic name entry element MCE
9 (RLIN) 379
650 #0 - SUBJECT ADDED ENTRY--TOPICAL TERM
Topical term or geographic name entry element Prisoners of war
General subdivision Legal status, laws, etc.
9 (RLIN) 46296
650 #0 - SUBJECT ADDED ENTRY--TOPICAL TERM
Topical term or geographic name entry element War
General subdivision Protection of civilians.
9 (RLIN) 46297
710 2# - ADDED ENTRY--CORPORATE NAME
Corporate name or jurisdiction name as entry element International Committee of the Red Cross.
9 (RLIN) 36959
942 ## - ADDED ENTRY ELEMENTS (KOHA)
Source of classification or shelving scheme
Koha item type Book
Holdings
Withdrawn status Lost status Source of classification or shelving scheme Damaged status Not for loan Permanent Location Current Location Date acquired Total Checkouts Full call number Barcode Date last seen Price effective from Koha item type
          Military College of Engineering (MCE) Military College of Engineering (MCE) 10/03/2014   949..51060 INT MCE-34740 10/03/2014 10/03/2014 Book
© 2023 Central Library, National University of Sciences and Technology. All Rights Reserved.